Les mois en italien - Statistiques

Statistiques générales
  • Ce quiz a été pris 275 fois
  • Le résultat moyen est 8 sur 12
Statistiques - réponses
Français Italien % Correct
Mars Marzo
83%
Avril Aprile
77%
Janvier Gennaio
74%
Novembre Novembre
74%
Septembre Settembre
71%
Octobre Ottobre
70%
Août Agosto
66%
Décembre Dicembre
66%
Février Febbraio
65%
Mai Maggio
64%
Juillet Luglio
49%
Juin Giugno
45%
Aucun quiz correspondant
Distribution des résultats
% des personnes avec chaque résultat
Percentile par nombre de réponses
Votre historique - résultats
Vous n’avez pas pris ce quiz